International Human Resource Management: (Record no. 6268)

MARC details
000 -LEADER
fixed length control field 00563nam a22002057a 4500
003 - CONTROL NUMBER IDENTIFIER
control field OSt
005 - DATE AND TIME OF LATEST TRANSACTION
control field 20190829122037.0
008 - FIXED-LENGTH DATA ELEMENTS--GENERAL INFORMATION
fixed length control field 190829b ||||| |||| 00| 0 eng d
020 ## - INTERNATIONAL STANDARD BOOK NUMBER
International Standard Book Number 9781843983750
040 ## - CATALOGING SOURCE
Transcribing agency DDC
082 ## - DEWEY DECIMAL CLASSIFICATION NUMBER
Classification number 658.3 INT 2016
100 ## - MAIN ENTRY--PERSONAL NAME
Personal name Brewster, Chris [et...al]
9 (RLIN) 12880
245 ## - TITLE STATEMENT
Title International Human Resource Management:
250 ## - EDITION STATEMENT
Edition statement 4th ed.
260 ## - PUBLICATION, DISTRIBUTION, ETC. (IMPRINT)
Place of publication, distribution, etc. London;
Name of publisher, distributor, etc. CIPD,
Date of publication, distribution, etc. 2016
300 ## - PHYSICAL DESCRIPTION
Extent xiii,511p;
Other physical details ill:
Dimensions 24.5cm
504 ## - BIBLIOGRAPHY, ETC. NOTE
Bibliography, etc References, & index included
650 ## - SUBJECT ADDED ENTRY--TOPICAL TERM
Topical term or geographic name as entry element Human resource management:
9 (RLIN) 5317
942 ## - ADDED ENTRY ELEMENTS (KOHA)
Source of classification or shelving scheme Dewey Decimal Classification
Koha item type Book
Holdings
Withdrawn status Lost status Source of classification or shelving scheme Damaged status Not for loan Home library Current library Date acquired Source of acquisition Inventory number Total Checkouts Full call number Barcode Date last seen Koha item type
    Dewey Decimal Classification     Faculty of Management Science Library Faculty of Management Science Library 29/08/2019 Purchase 19/40741   658.3 INT 2016 2019-0285 29/08/2019 Book
    Dewey Decimal Classification     Faculty of Management Science Library Faculty of Management Science Library 29/08/2019 Purchase 19/40742   658.3 INT 2016 2019-0286 29/08/2019 Book
    Dewey Decimal Classification     Faculty of Management Science Library Faculty of Management Science Library 29/08/2019 Purchase 19/40743   658.3 INT 2016 2019-0287 29/08/2019 Book
    Dewey Decimal Classification     Faculty of Management Science Library Faculty of Management Science Library 29/08/2019 Purchase 19/40744   658.3 INT 2016 2019-0288 29/08/2019 Book
    Dewey Decimal Classification     Faculty of Management Science Library Faculty of Management Science Library 29/08/2019 Purchase 19/40745   658.3 INT 2016 2019-0289 29/08/2019 Book